000 00510nam a2200193Ia 4500
003 GCL
008 140319s9999 xx 000 0 eng d
040 _aGCL /
_cGCL
082 0 4 _aCH
_b823
_bL T
100 1 _aLEEKA, M. C.
245 1 0 _aJUST LIKE MOMMY, JUST LIKE DADDY /
_cLEEKA, M. C.
700 1 _aBORGO, DEBORAH
260 _a[S.N] :
_bMC CLANAHAN BOOK COMPANY ،
_c1993
650 0 4 _aENGLISH LITERATURE
650 0 4 _aLITERATURE
650 0 4 _aENGLISH FICTION
650 0 4 _aFICTION
942 _2ddc
_cBK
999 _c14598
_d14598